The beezer book
| Format: | Book |
|---|---|
| Published: |
London :
D.C. Thomson and Co.,Ltd. ,
1990
|
| Subjects: |
MARC
| LEADER | 00000cam a2200000 7i4500 | ||
|---|---|---|---|
| 001 | 0000036353 | ||
| 002 | 000039337 | ||
| 005 | 20080215.0 | ||
| 020 | |a 0851164803 | ||
| 090 | 0 | 0 | |a C |b BEE |
| 245 | 0 | 4 | |a The beezer book |
| 260 | |a London : |b D.C. Thomson and Co.,Ltd. , |c 1990 | ||
| 300 | |a p.v. : |b ill. ; |c 28cm. | ||
| 650 | 0 | 0 | |a Cartoon and carricatures |
| 999 | |a 022217 |b BUKU |c CARTOON |e PERPUSTAKAAN KOMUNITI PETALING JAYA | ||